Global Positioning System: theory and practice (Record no. 8697)
[ view plain ]
| 000 -LEADER | |
|---|---|
| fixed length control field | 00825 a2200217 4500 |
| 020 ## - INTERNATIONAL STANDARD BOOK NUMBER | |
| International Standard Book Number | 3211835342 |
| 040 ## - CATALOGING SOURCE | |
| Original cataloging agency | DLC |
| Language of cataloging | DLC |
| 082 00 - DEWEY DECIMAL CLASSIFICATION NUMBER | |
| Classification number | 623.89/3 |
| 100 1# - MAIN ENTRY--PERSONAL NAME | |
| Personal name | Hofmann-Wellenhof, B. |
| 245 10 - TITLE STATEMENT | |
| Title | Global Positioning System: theory and practice |
| Remainder of title | theory and practice |
| Statement of responsibility, etc. | B. Hofmann-Wellenhof, H. Lichtenegger, and J. Collins. |
| 246 14 - VARYING FORM OF TITLE | |
| Title proper/short title | GPS |
| 250 ## - EDITION STATEMENT | |
| Edition statement | 5th, rev. ed. |
| 260 ## - PUBLICATION, DISTRIBUTION, ETC. | |
| Place of publication, distribution, etc. | New York : |
| Name of publisher, distributor, etc. | Springer-Verlag, |
| Date of publication, distribution, etc. | c2001. |
| 300 ## - PHYSICAL DESCRIPTION | |
| Extent | xxii, 382 p. : |
| Other physical details | ill. ; |
| Dimensions | 25 cm. |
| 650 #0 - SUBJECT ADDED ENTRY--TOPICAL TERM | |
| Topical term or geographic name entry element | Global Positioning System. |
| 700 1# - ADDED ENTRY--PERSONAL NAME | |
| Personal name | Lichtenegger, Herbert. |
| 700 1# - ADDED ENTRY--PERSONAL NAME | |
| Personal name | Collins, James, |
| Dates associated with a name | 1936- |
| 856 42 - ELECTRONIC LOCATION AND ACCESS | |
| Materials specified | Publisher description |
| Uniform Resource Identifier | <a href="http://www.loc.gov/catdir/enhancements/fy0816/2001266601-d.html">http://www.loc.gov/catdir/enhancements/fy0816/2001266601-d.html</a> |
| 856 42 - ELECTRONIC LOCATION AND ACCESS | |
| Materials specified | Table of contents only |
| Uniform Resource Identifier | <a href="http://www.loc.gov/catdir/enhancements/fy0816/2001266601-t.html">http://www.loc.gov/catdir/enhancements/fy0816/2001266601-t.html</a> |
| 942 ## - ADDED ENTRY ELEMENTS (KOHA) | |
| Koha item type | Book |
| Call number prefix | 629.893 HOF |
| Source of classification or shelving scheme | |
| Withdrawn status | Lost status | Damaged status | Not for loan | Collection code | Permanent Location | Current Location | Shelving location | Date acquired | Source of acquisition | Cost, normal purchase price | Total Checkouts | Full call number | Barcode | Date last seen | Price effective from | Koha item type |
|---|---|---|---|---|---|---|---|---|---|---|---|---|---|---|---|---|
| Central Library (CL) | Central Library (CL) | General Stacks | 11/13/2007 | Progressive International Agencies | 5498.00 | 629.893 HOF | SEECS008724 | 11/14/2012 | 01/05/2017 | Book |
